Largest Cities Containing 'T' - Statistics

General Stats
  • This quiz has been taken 213 times
  • The average score is 16 of 20
Answer Stats
Population Country City % Correct
39,500,000 Japan Tokyo
100%
13,700,000 Iran Tehran
96%
28,100,000 Indonesia Jakarta
94%
9,050,000 Taiwan Taipei
94%
14,300,000 Turkey Istanbul
93%
9,350,000 Colombia Bogotá
90%
7,100,000 Canada Toronto
90%
5,450,000 Russia Saint Petersburg
88%
16,000,000 India Kolkata
87%
7,050,000 Chile Santiago
86%
5,550,000 Sudan Khartoum
83%
6,200,000 United States Houston
81%
7,350,000 United States Boston
80%
8,350,000 United States Washington, DC
76%
8,250,000 Vietnam Ho Chi Minh City
72%
11,400,000 China Tianjin
71%
5,500,000 United States Atlanta
67%
5,700,000 United States Detroit
66%
5,700,000 India Surat
32%
7,950,000 China Shantou
25%
No matching quizzes found
Score Distribution
Percent of People with Each Score
Percentile by Number Answered
Your Score History
You have not taken this quiz